000
00307nam a2200157Ia 4500
100
_a
Sharma/Robin
650
_a
Ficiton
942
_c
BK
366
_f
20
245
_a
Discover your Destiny
260
_b
Jaico
_c
2008
082
_a
303.34/SHA
_b
SHA
300
_a
215
546
_a
ENGLISH
999
_c
21732
_d
21732